000 004320000a22001690004500
003 MACL
005 20160110170024.0
008 160110b xxu||||| |||| 00| 0 eng d
040 _aMACL
_cMACL
041 _aEnglish
082 _a923.2/SAR
100 _aSarin, L N
_931093
245 _aIndira Gandhi A Political Biography
260 _bS Chand & Co.
_c1974
_aNew Delhi
650 _aBiography
_931094
942 _cBK
_k923.2/Sar
_2ddc
999 _c36200
_d36200